00294 a2200097 4500000002500000005001700025020001800042100002500060245007400085260003700159 nam a22 7a 450020260129102014.0 a9781108835763 aIzenman, Alan Julian aNetwork Models for Data Science: Theory, Algorithms, and Applications bCambridge University Pressc2023